Normal view
MARC view
- Electric vehicles -- Power supply. Hybrid electric vehicles -- Power trains. Power electronics
Entry Topical Term
001 - CONTROL NUMBER
- control field: 84184
003 - CONTROL NUMBER IDENTIFIER
- control field: NUST
005 - DATE AND TIME OF LATEST TRANSACTION
- control field: 20211116095153.0
008 - FIXED-LENGTH DATA ELEMENTS
- fixed length control field: 211116|| aca||aabn | a|a d
040 ## - CATALOGING SOURCE
- Original cataloging agency: NUST
- Transcribing agency: NUST
150 ## - HEADING--TOPICAL TERM
- Topical term or geographic name entry element: Electric vehicles -- Power supply. Hybrid electric vehicles -- Power trains. Power electronics
670 ## - SOURCE DATA FOUND
- Source citation: Work cat.: (NUST): Hayes, John G 84182, Electric Powertrain : , 2018.
